Estatísticas para Adivinhe a música da Taylor Swift sem dicas

Clique aqui para jogar o quiz

Estatísticas Gerais

  • Esse quiz foi jogado 272 vezes
  • A pontuação média é 117 de 318

Estatísticas das Respostas

HintResposta% Correto
I
94%
you
91%
a
90%
love
85%
me
83%
the
83%
we
73%
We
73%
he
70%
Be
68%
on
68%
an
67%
In
67%
in
67%
No
63%
No,
63%
To
63%
your
62%
músicaYour
62%
my
58%
My
58%
so
58%
is
56%
it
54%
and
52%
And
52%
(where
52%
where
52%
were
47%
all
45%
that
45%
was
43%
her
42%
at
40%
I'm
40%
with
38%
Like
37%
Did
35%
see
33%
Some
33%
out
30%
not
28%
but
27%
by
27%
up
26%
'Cause
25%
friend's
25%
Yes,
25%
didn't
24%
didn't,
24%
has
22%
forever
21%
just
21%
wanna
21%
if
19%
it's
19%
Make
19%
Met
19%
mind
19%
oh
19%
Paris,
19%
Paris
19%
(Paris)
19%
ex
18%
down
17%
guy
17%
kissed
17%
mean,
17%
sister
17%
someone
17%
stop
17%
yours
17%
club
16%
made
16%
though
16%
midnight
15%
ago
14%
else
14%
else)
14%
lights
14%
somewhere
14%
Turns
14%
ages
13%
bedroom
13%
door
13%
Let
13%
news
13%
keep
12%
might
12%
photos?
12%
side
12%
thanks,
12%
breathing
11%
hooked
11%
only
11%
terrible
11%
champagne
10%
Drew
10%
drew
10%
map
10%
outfits
10%
2003,
9%
believe
9%
lister
9%
loving
9%
Z
9%
ceiling
8%
dead
8%
unbearable
8%
whole
8%
wine
8%
world
8%
alleyway,
7%
cheap
7%
Into
7%
page
7%
pretend
7%
Romance
7%
sign
7%
taken
7%
tree
7%
under
7%
wannabe
7%
brainwash
6%
kind
6%
Stumbled
6%
that's
6%
truth
6%
view
6%
drinking
5%
Privacy
5%
Sit
5%
thought,
5%
transport
5%
alleyways,
4%
clever
4%
Confess
4%
culture's
4%
flashing
4%
grown
4%
letters
4%
shade
4%
cursive
3%
messes
3%
quiet
3%
sloping
2%
swooping
2%
thrown
2%
tower
2%
Levitated
0%

Distribuição das Pontuações

Percentil de Números Respondidos

Porcentagem de Pessoas com Cada Pontuação

Sua Pontuação Histórica

Você não jogou esse quiz